=LDR 00000nam 2200000 4500 =001 INLIS000000000014908 =005 20130612110205 =008 ***********************************Ind** =035 ##$$0010-061300000014908 =041 ##$$a Ind =082 ##$$a 613.9 =090 ##$$a 613.9, Baz k =100 ##$$a Baziat, Ali =245 ##$$a Kontrasepsi hormon, Ali baziat =260 ##$$a 2002 $b Jakarta =300 ##$$a 106 hlm, Ilus, 24 cm =650 ##$$a Konrasepsi =850 ##$$a NBPNMAT